000 00498 a2200205 4500
020 _a0673077802
041 _aEng
082 _a572
_bSe31
100 _aThomas, Weaver, ed.
245 _aTo see ourselves; an anthropology and modern social issues
260 _aIllionois:
_bScott Foresman,
_c1973
300 _a425p.
650 _aSocial issues
650 _aSocial change
650 _aViolence
650 _aPoverty
650 _aCulture
653 _aAnthropology
942 _2ddc
_cGEN
999 _c73253
_d73242